Normal view MARC view
  • SURFACES TECHNOLGY CONGRESSES, FRACTURE MECHANICS CONGRESSES, MATERIALS CRACKING CONGRESSES

Entry Topical Term

Number of records used in: 1

001 - CONTROL NUMBER

  • control field: 69797

003 - CONTROL NUMBER IDENTIFIER

  • control field: NUST

005 - DATE AND TIME OF LATEST TRANSACTION

  • control field: 20210628204310.0

008 - FIXED-LENGTH DATA ELEMENTS

  • fixed length control field: 210628|| aca||aabn | a|a d

040 ## - CATALOGING SOURCE

  • Original cataloging agency: NUST
  • Transcribing agency: NUST

150 ## - HEADING--TOPICAL TERM

  • Topical term or geographic name entry element: SURFACES TECHNOLGY CONGRESSES, FRACTURE MECHANICS CONGRESSES, MATERIALS CRACKING CONGRESSES

670 ## - SOURCE DATA FOUND

  • Source citation: Work cat.: (NUST): Reuter, Walter G, Underwood, John.H, Newman, James.C 69796, Surface crack growth: models, experiments, and structures, 1990
© 2023 Central Library, National University of Sciences and Technology. All Rights Reserved.